[Event "Moscow RGGU op"]
[Site "Moscow"]
[Date "2019.04.27"]
[Round "7"]
[White "Talyzin, Valeriy"]
[Black "Karmanova, Marina"]
[Result "1-0"]
[WhiteElo "1785"]
[BlackElo "2049"]
[PlyCount "99"]
[EventDate "2019.03.16"]
[EventType "swiss"]
[EventRounds "7"]
[EventCountry "RUS"]
[SourceTitle "CBM 190 Extra"]
[Source "ChessBase"]
[SourceDate "2019.07.15"]
[SourceVersion "1"]
[SourceVersionDate "2019.07.15"]
[SourceQuality "1"]

1. Nf3 d5 2. g3 g6 3. Bg2 Bg7 4. 0-0 c6 5. d3 Nd7 6. Nc3 e5 7. e4 d4 8. Ne2 Ne7 9. Ng5 h6 10. Nh3 0-0 11. f4 f5 12. Nf2 Kh7 13. g4 fxg4 14. Nxg4 exf4 15. Rxf4 Ne5 16. Nxe5 Bxe5 17. Rxf8 Qxf8 18. Qf1 Bg4 19. Ng3 Qg7 20. Bd2 Rf8 21. Qe1 c5 22. a4 Nc6 23. b4 cxb4 24. Bxb4 Nxb4 25. Qxb4 Rc8 26. Rc1 Bf4 27. Rb1 Be3+ 28. Kh1 b6 29. h3 Be6 30. Rf1 Rxc2 31. Qd6 Bg8 32. e5 Rf2 33. Rxf2 Bxf2 34. Ne4 Bh4 35. Qxd4 Qc7 36. Qc3 Qxc3 37. Nxc3 Bf2 38. Nb5 Bb3 39. Bc6 Kg7 40. Kg2 Be1 41. Nxa7 Bc3 42. Nc8 Bxe5 43. Nxb6 Bd4 44. a5 Bc2 45. Bb5 Bb3 46. Kf3 Kf6 47. Ke4 Bf2 48. d4 Ke6 49. a6 Bc2+ 50. Bd3 1-0